Responses for show #5590 - Friday, December 19, 2008

Contestants

Daniel Ogorzalek, a personal assistant originally from Schaumburg, Illinois

Diane Hyra, an ESL teacher from Richmond, Virginia

Milt Hathaway, a high school librarian originally from Newport, Rhode Island (whose 1-day cash winnings total $38,401)

Jeopardy! Round responses

REPTILES
YOU NEED SOME BACKUP
(Alex: And we'll give you the singer--you name the backup group.)
COMPLETES THE SHAKESPEARE QUOTE
MEASURE FOR MEASURE
CHRISTMAS PUDDING
"B-U-T" FULL
    $200 21
a Gila monster

Daniel
    $200 9
The Supremes

Daniel
    $200 14
rain

Milt
    $200 26
1/4

Daniel
    $200 1
lights

Milt
    $200 6
buttons

Diane
    $400 22
(Diane: What is a boa constrictor?)

an anaconda

DianeDaniel
    $400 10
The Heartbreakers

Diane
    $400 15
woman

Diane
    $400 27
4 pounds

Milt
    $400 2
our gay apparel

Daniel
    $400 7
BUtterfield 8

Diane
    $600 23
a Komodo dragon

Daniel
    $600 11
The News

Diane
    $600 18
cheek

Diane
    $600 28
(Alex: 6 feet in a fathom. Hence, the correct response--[*].)

300

Triple Stumper
    $600 3
soccer

Milt
    $600 8
the buttercup

Triple Stumper
    $800 24
a turtle

Diane
    $800 12
The Miracles

Diane
    $800 19
(Daniel: What's daughter?)

child

MiltDaniel
    $800 29
a cubit

Milt
    $800 4
Macy's

Daniel
    $800 16
buttresses

Milt
    $1000 25
a caiman

Milt
    $1000 13
The Funky Bunch

Daniel
    $1000 20
(Daniel: What's Verona?)
...
(Alex: in [*]--two gentlemen were from Verona.)

Padua

Daniel
Triple Stumper
    $2,800 30
a length

Milt
    $1000 5
a yule log

Milt
    $1000 17
Butler

Daniel

Scores at the first commercial break (after clue 15):

Milt Diane Daniel
$2,000 $2,800 $2,400

Scores at the end of the Jeopardy! Round:

Milt Diane Daniel
$8,600 $3,800 $3,000

Double Jeopardy! Round responses

OPERATIONS
HIP REPLACEMENT
TRANSPLANT
BYPASS
COSMETIC PROCEDURE
"C"-SECTION
    $400 6
Berlin

Milt
    $400 11
Sarah Jessica Parker

Daniel
    $400 18
(Daniel: What is Liberia?)

France

MiltDaniel
    $400 1
Chicago

Daniel
    $400 21
baldness

Milt
    $400 30
coffee

Diane
    $800 7
Desert Shield

Diane
    $800 12
Daniel Craig

Diane
    $800 19
the Communist Party

Triple Stumper
    $800 2
Arkansas

Milt
    $800 22
geishas

Daniel
    $800 29
a cow

Milt
    $1200 8
Yom Kippur

Milt
    $1200 13
90210

Milt
    $1200 20
Itzhak Perlman

Milt
    $1200 3
Charlottesville

Daniel
    $1200 23
eyebrows

Daniel
    $1200 28
a calculator

Daniel
    $1600 9
Bikini

Milt
    $1600 14
E.R.

Diane
    $1600 17
Tuscany

Milt
    $1600 4
Minnesota

Milt
    $1600 24
botox

Daniel
    $1600 27
(Daniel: What's colic?)

croup

MiltDaniel
    $2000 10
Howard Hughes

Milt
    $2000 15
Journey

Daniel
    $2000 16
David Hockney

Triple Stumper
    $5,000 5
(Alex: Did you just put your signaling device down?)
(Milt: Oh, yeah. I'm sorry. I was taking a nap, sir.)
(Alex: Oh, okay...)

the Beltway

Milt
    $6,000 25
Nip/Tuck

Daniel
    $2000 26
Cayuse

Triple Stumper

Scores at the end of the Double Jeopardy! Round:

Milt Diane Daniel
$28,400 $7,400 $15,800

[wagering suggestions for these scores]

Final Jeopardy! Round responses

THE WESTERN HEMISPHERE
(Alex: Lake [*] and Lake Managua.)
DianeWhat is Brazil?
$4,000
DanielWhat is Nicaragua?
$15,000
MiltWhat is NICARAGUA?
$3,201
Nicaragua

Final scores:

Milt Diane Daniel
$31,601 $3,400 $30,800
2-day champion: $70,002 3rd place: $1,000 2nd place: $2,000

Game dynamics:

Coryat scores:

Milt Diane Daniel
$23,600 $7,400 $11,800
24 R
(including 2 DDs),
0 W
12 R,
1 W
18 R
(including 1 DD),
4 W

Combined Coryat: $42,800

The J! Archive is created by fans, for fans. The Jeopardy! game show and all elements thereof, including but not limited to copyright and trademark thereto, are the property of Jeopardy Productions, Inc. and are protected under law. This website is not affiliated with, sponsored by, or operated by Jeopardy Productions, Inc. Join the discussion at JBoard.tv.